000 00322nam a2200133 a 4500
001 4144
005 20140414131854.0
008 090317s19uu xx 00 eng d
050 _aM 591.754
_bD45 2006
245 _aDesert.
260 _aGreat Britain :
_bTicktock,
_c2006.
440 _aWhat can eye see?
999 _c110367
_d110367